| 000 | 00865cab a2200217 4500 | ||
|---|---|---|---|
| 001 | ABS36931 | ||
| 008 | 090401t1986 xxu||||| |||| 00| 0 eng d | ||
| 035 | _a(Sirsi) u1115 | ||
| 041 | _aeng | ||
| 100 | _aDuffy, F. | ||
| 245 | 2 | _aA case for more collaboration | |
| 260 | _c1986 | ||
| 350 | _a0 | ||
| 490 |
_aEstates Gazette _v280 (6306) 18 October 1986, 276-278 (3) |
||
| 520 | _aLooks at the new challenges in office design caused mainly by the revolution in information technology and outlines some of the ways architects and surveyors can collaborate to build better office buildings . Includes references to the ORBIT study and its subsequent North American version ORBIT 2 . | ||
| 650 | _aBUILT ENVIRONMENT-CONSTRUCTION DESIGN | ||
| 650 | _aTENANTS REQUIREMENTS | ||
| 690 | _aBUILT ENVIRONMENT-CONSTRUCTION DESIGN | ||
| 942 | _n0 | ||
| 948 | _c04/03/1997 | ||
| 999 |
_c612 _d612 |
||